Návrh opatrení na zdokonalenie materiálového toku v spoločnosti INDUPOL International Ilava, s.r.o., Ilava

Guardado en:
Detalles Bibliográficos
Autor principal: Ševčík, Mário, 1992- (Autor)
Otros Autores: Jakábová, Martina, 1980- (Orientador)
Formato: Manuscrito Libro
Lenguaje:eslovaco
Publicado: Trnava : STU v Bratislave MTF UPMK, 2014
Materias:
Acceso en línea:VAIS
Etiquetas: Agregar Etiqueta
Sin Etiquetas, Sea el primero en etiquetar este registro!

MARC

LEADER 00000ntm a22000003a 4500
001 stu293228
005 20150617230318.2
008 140708s2014----xo------------------slo-d
040 |a STU  |b slo 
041 0 |a slo 
044 |a xo 
100 1 |a Ševčík, Mário,  |d 1992-  |4 aut  |u M  |T MTF Materiálovotechnologická fakulta  |X 42995  |U M  |Y 60  |7 A000042995 
242 0 0 |a Proposed measures to improve material flow of INDUPOL International Ilava, Ltd, Ilava  |y eng 
245 1 |a Návrh opatrení na zdokonalenie materiálového toku v spoločnosti INDUPOL International Ilava, s.r.o., Ilava 
260 |a Trnava :  |b STU v Bratislave MTF UPMK,  |c 2014 
300 |a 65s  |c CD 
650 7 |a priemyselné manažérstvo  |2 stusub 
650 7 |a Industrial Management  |2 estusub 
650 7 |a logistic  |2 estusub 
650 7 |a material flow  |2 estusub 
650 7 |a zásoby  |2 stusub 
650 7 |a logistika  |2 stusub 
650 7 |a materiálový tok  |2 stusub 
700 1 |a Jakábová, Martina,  |d 1980-  |4 ths  |u M4000  |U MTF Materiálovotechnologická fakulta  |T MTF Ústav priemyselného inžinierstva a manažmentu  |X 3645  |U M4000  |Y 84  |7 A000003645 
856 4 |a info a plný text  |u http://is.stuba.sk/zp/portal_zp.pl?podrobnosti=93207  |3 VAIS 
996 |c M*BP-7023  |l MMSKP  |s P  |a 0  |w stu293228_0001